[Event "Midland Ch Forrest Cup"]
[Site "Derby"]
[Date "1995.03.25"]
[Round "2"]
[White "Gilmore, Simon N"]
[Black "Castillo, M."]
[Result "1-0"]
[WhiteElo "1912"]
[BlackElo "1272"]
[PlyCount "93"]
[EventDate "1995.03.24"]
[EventType "swiss"]
[EventRounds "6"]
[EventCountry "ENG"]
[SourceTitle "BritBase"]
[Source "John Saunders"]
[SourceDate "2022.11.28"]
[SourceVersion "1"]
[SourceVersionDate "2022.08.23"]
[SourceQuality "1"]

1. e4 e6 2. d4 c5 3. d5 exd5 4. exd5 d6 5. Nf3 Nf6 6. c4 Be7 7. Bd3 O-O 8. O-O
Bg4 9. Nbd2 Re8 10. Qc2 Nbd7 11. b3 h6 12. h3 Bxf3 13. Nxf3 Bf8 14. Bb2 Ne5 15.
Nxe5 dxe5 16. Rae1 Bd6 17. Re3 Qc7 18. Rfe1 Re7 19. g4 Rae8 20. Bc3 b5 21. a3
a5 22. a4 b4 23. Bb2 Qd7 24. Bf5 Qd8 25. f3 g6 26. Bd3 Nh7 27. h4 Nf8 28. R3e2
Kg7 29. Qd2 f6 30. g5 hxg5 31. hxg5 f5 32. f4 Nd7 33. fxe5 Bxe5 34. d6 Re6 35.
Qf4 Bxb2 36. Rxe6 Bd4+ 37. Kg2 Rxe6 38. Rxe6 Qa8+ 39. Qf3 Qxf3+ 40. Kxf3 Ne5+
41. Ke2 Nc6 42. d7 Nd8 43. Re8 Nf7 44. Re7 Kf8 45. Rxf7+ Kxf7 46. d8=Q f4 47.
Qd7+ 1-0

[Event "Midland Ch Forrest Cup"]
[Site "Derby"]
[Date "1995.03.25"]
[Round "2"]
[White "Jackson, Oliver A"]
[Black "Brown, Anthony J"]
[Result "0-1"]
[WhiteElo "2128"]
[BlackElo "2032"]
[PlyCount "80"]
[EventDate "1995.03.24"]
[EventType "swiss"]
[EventRounds "6"]
[EventCountry "ENG"]
[SourceTitle "BritBase"]
[Source "John Saunders"]
[SourceDate "2022.11.28"]
[SourceVersion "1"]
[SourceVersionDate "2022.08.23"]
[SourceQuality "1"]

1. e4 e5 2. f4 exf4 3. Nf3 h6 4. Bc4 d6 5. d3 g5 6. Bd2 Bg7 7. Bc3 Bxc3+ 8.
Nxc3 Be6 9. Bxe6 fxe6 10. Nd4 Qe7 11. Qg4 Nc6 $5 12. Nxc6 $6 (12. Nxe6 Nf6 13.
Qf5 Kf7 14. Nxc7 Nd4 $44) 12... bxc6 13. h4 Nf6 14. Qf3 Kd7 $17 15. d4 e5 16.
O-O-O g4 17. Qe2 Rhb8 18. Qc4 a5 19. d5 cxd5 20. exd5 Ra7 21. Nb5 $2 Rab7 22.
a4 Kd8 23. Qc3 Rxb5 $1 24. axb5 Rxb5 25. Qc4 Qd7 26. Rd3 Rc5 27. Qa6 $2 Qa4 $19
28. Kb1 Qxc2+ 29. Ka2 Qc4+ 30. Qxc4 Rxc4 31. Kb3 Rc5 32. Rhd1 Ne4 33. Ra1 c6
34. dxc6 Kc7 35. Ra4 d5 36. Rxe4 dxe4 37. Rd7+ Kxc6 38. Rh7 e3 39. Rxh6+ Kd5
40. Rh8 e2 0-1

[Event "Midland Ch Forrest Cup"]
[Site "Derby"]
[Date "1995.03.25"]
[Round "2"]
[White "Kirby, Peter J"]
[Black "Phillips, Alan"]
[Result "1/2-1/2"]
[WhiteElo "1448"]
[BlackElo "2016"]
[PlyCount "141"]
[EventDate "1995.03.24"]
[EventType "swiss"]
[EventRounds "6"]
[EventCountry "ENG"]
[SourceTitle "BritBase"]
[Source "John Saunders"]
[SourceDate "2022.11.28"]
[SourceVersion "1"]
[SourceVersionDate "2022.08.23"]
[SourceQuality "1"]

1. d4 Nf6 2. c4 d6 3. Nc3 e5 4. dxe5 dxe5 5. Qxd8+ Kxd8 6. Bg5 c6 7. O-O-O+ Kc7
8. e4 Nfd7 9. Nge2 a5 10. Ng3 Na6 11. Be3 Bc5 12. Bxc5 Ndxc5 13. Be2 Be6 14.
Rd2 g6 15. f3 a4 16. h4 Nb4 17. Rhd1 a3 18. b3 Ra5 19. Kb1 Raa8 20. Nf1 Rhd8
21. Rxd8 Rxd8 22. Rxd8 Kxd8 23. Ne3 f5 24. Nc2 Nxc2 25. Kxc2 Na6 26. Nb1 Nb4+
27. Kd2 Nxa2 28. Nxa3 fxe4 29. fxe4 Ke7 30. Nc2 Kd6 31. b4 b6 32. Bf1 h6 33.
Be2 Ke7 34. c5 b5 35. Ke3 Bb3 36. Ne1 Nxb4 37. Nd3 Nxd3 38. Bxd3 Bd1 39. Kd2
Bg4 40. Kc3 g5 (40... Kf6 $19) 41. hxg5 hxg5 (41... h5 $5 $19) 42. Kb4 Kd7 43.
Ka5 Kc7 44. Kb4 Be6 45. Bc2 Bc4 46. Bb1 Bf1 47. g3 Kb7 48. Bc2 Be2 49. Bb1 Bd1
50. Bd3 Bg4 51. Ka5 Be6 52. Bc2 Ka7 53. Bd3 Bc4 54. Bc2 Kb7 55. Bb1 Kc7 56. Bc2
Kd7 57. Bb1 Be6 58. Bd3 Ke7 59. Kb6 Bd7 60. Kc7 b4 61. Bb1 b3 62. Bd3 Be8 (
62... Bg4 $5 63. Kxc6 Bd1 64. Kb7 Bc2 65. Bc4 b2 $19) 63. Bb1 b2 $2 64. Bd3 Bd7
65. Bc2 Be6 66. Bb1 Bd7 67. Bc2 Be8 68. Bd3 Bf7 69. Bb1 Be8 70. Bd3 Bd7 71. Bc2
1/2-1/2

[Event "Midland Ch Forrest Cup"]
[Site "Derby"]
[Date "1995.03.25"]
[Round "2"]
[White "Ledger, Stephen C"]
[Black "Chue, Kah-Loong"]
[Result "0-1"]
[WhiteElo "2144"]
[BlackElo "2288"]
[PlyCount "82"]
[EventDate "1995.03.24"]
[EventType "swiss"]
[EventRounds "6"]
[EventCountry "ENG"]
[SourceTitle "BritBase"]
[Source "John Saunders"]
[SourceDate "2022.11.28"]
[SourceVersion "1"]
[SourceVersionDate "2022.08.23"]
[SourceQuality "1"]

1. d4 Nf6 2. Nf3 g6 3. Bf4 Bg7 4. Nbd2 d6 5. c3 Nbd7 6. e4 c5 7. Bc4 O-O 8. h3
cxd4 9. cxd4 Qa5 10. O-O b5 11. Bb3 Bb7 12. Qe2 Rac8 13. Rfd1 Qb6 14. e5 dxe5
15. dxe5 Nd5 16. Bg3 Nc5 17. Nd4 a6 18. Rac1 Nxb3 19. N2xb3 e6 20. Qg4 Bh6 21.
Rxc8 Rxc8 22. Qh4 Bg7 23. Qg5 Rc4 24. Qd2 b4 25. Rc1 Rxc1+ 26. Qxc1 Bf8 27. Qc4
a5 28. Qb5 Qxb5 29. Nxb5 a4 30. Na5 Ba6 31. Nd6 a3 32. bxa3 bxa3 33. Nac4 Bxc4
34. Nxc4 Nc3 35. f4 Nxa2 36. Be1 Nc1 37. Nxa3 Bxa3 38. Bd2 Nd3 39. g3 Bb4 40.
Be3 Bc5 41. Bxc5 Nxc5 0-1

[Event "Midland Ch Forrest Cup"]
[Site "Derby"]
[Date "1995.03.25"]
[Round "2"]
[White "Nelson, Jonathan P"]
[Black "Wagenbach, Janos J"]
[Result "1-0"]
[WhiteElo "2240"]
[BlackElo "1784"]
[PlyCount "71"]
[EventDate "1995.03.24"]
[EventType "swiss"]
[EventRounds "6"]
[EventCountry "ENG"]
[SourceTitle "BritBase"]
[Source "John Saunders"]
[SourceDate "2022.11.28"]
[SourceVersion "1"]
[SourceVersionDate "2022.08.23"]
[SourceQuality "1"]

1. e4 e5 2. f4 exf4 3. Nf3 h5 4. Bc4 h4 5. O-O g5 6. d4 d6 7. Nc3 c6 8. a4 Bg4
9. Qd3 Be7 10. Bd2 Nh6 11. Rae1 Nd7 12. b4 Bh5 13. b5 Qb6 14. a5 Qd8 15. a6 Rb8
16. axb7 cxb5 17. Bxb5 Rxb7 18. e5 Bg6 19. Qc4 O-O 20. Qd5 Rb8 21. e6 Nb6 22.
Qa2 d5 23. Ne5 Qd6 24. Nc6 Rb7 25. Na4 Qc7 26. Nxb6 Qxb6 27. Qxd5 Qxb5 28.
Nxe7+ Kg7 29. Qxb5 Rxb5 30. d5 fxe6 31. Bc3+ Kh7 32. Nxg6 Kxg6 33. Rxe6+ Kh7
34. Ra1 Rf7 35. Rd1 Nf5 36. d6 1-0

[Event "Midland Ch Forrest Cup"]
[Site "Derby"]
[Date "1995.03.25"]
[Round "2"]
[White "Newton, Robert"]
[Black "Gill, Jas"]
[Result "1-0"]
[WhiteElo "2008"]
[BlackElo "1656"]
[PlyCount "79"]
[EventDate "1995.03.24"]
[EventType "swiss"]
[EventRounds "6"]
[EventCountry "ENG"]
[SourceTitle "BritBase"]
[Source "John Saunders"]
[SourceDate "2022.11.28"]
[SourceVersion "1"]
[SourceVersionDate "2022.08.23"]
[SourceQuality "1"]

1. d4 Nf6 2. c4 g6 3. Nc3 Bg7 4. e4 d6 5. f3 O-O 6. Be3 e5 7. d5 c6 8. Qd2 cxd5
9. cxd5 a6 10. a4 Nbd7 11. Bd3 Nh5 12. Nge2 Nf4 13. Nxf4 exf4 14. Bxf4 Ne5 15.
O-O Bd7 16. Kh1 Kh8 17. Be2 Rc8 18. Ra3 Rb8 19. a5 Bc8 20. Na4 Qe7 21. Nb6 Nd7
22. Rb3 Nxb6 23. Rxb6 Be5 24. Bxe5+ Qxe5 25. Qb4 Rd8 26. Bxa6 Kg8 27. Bxb7 Bxb7
28. Rxb7 Rbc8 29. a6 Rc2 30. Rb8 Rxb8 31. Qxb8+ Kg7 32. a7 Qg5 33. Rg1 Rc1 34.
Qb6 Rc8 35. Qd4+ f6 36. b4 h5 37. b5 h4 38. e5 f5 39. exd6+ Kh7 40. d7 1-0

[Event "Midland Ch Forrest Cup"]
[Site "Derby"]
[Date "1995.03.25"]
[Round "2"]
[White "Preston, William"]
[Black "Hibbard, Carl P"]
[Result "0-1"]
[WhiteElo "1248"]
[BlackElo "1912"]
[PlyCount "92"]
[EventDate "1995.03.24"]
[EventType "swiss"]
[EventRounds "6"]
[EventCountry "ENG"]
[SourceTitle "BritBase"]
[Source "John Saunders"]
[SourceDate "2022.11.28"]
[SourceVersion "1"]
[SourceVersionDate "2022.08.23"]
[SourceQuality "1"]

1. Nh3 d5 2. g3 Nf6 3. Bg2 g6 4. e3 Bg7 5. f3 c5 6. d3 Nc6 7. Bd2 e5 8. Nf2 Be6
9. a3 Qb6 10. b4 cxb4 11. c3 bxa3 12. Rxa3 O-O 13. Rb3 Qc7 14. Na3 a6 15. h3
Nd7 16. Nc2 a5 17. h4 Nc5 18. Rb1 e4 19. d4 Nd3+ 20. Kf1 Qxg3 21. Nxd3 exd3 22.
Ne1 Bf5 23. h5 a4 24. h6 Bf6 25. e4 dxe4 26. fxe4 Bg4 27. Bf3 Bxf3 28. Nxf3
Rfe8 29. Be1 Qf4 30. Qxd3 Qxe4 31. Qxe4 Rxe4 32. Rxb7 a3 33. Nd2 Rf4+ 34. Kg2
a2 35. Bg3 Rf5 36. Ra1 Bg5 37. Rc7 Nd8 38. Ne4 Rb5 39. Nxg5 Rxg5 40. c4 Ne6 41.
Rd7 Ra3 42. d5 Nf8 43. Rd8 Rgxg3+ 44. Kf2 Rgb3 45. d6 Rb2+ 46. Ke1 Rh3 0-1

[Event "Midland Ch Forrest Cup"]
[Site "Derby"]
[Date "1995.03.25"]
[Round "2"]
[White "Riley, Chris M"]
[Black "Rayner, Francis"]
[Result "1-0"]
[WhiteElo "2008"]
[BlackElo "2152"]
[PlyCount "81"]
[EventDate "1995.03.24"]
[EventType "swiss"]
[EventRounds "6"]
[EventCountry "ENG"]
[SourceTitle "BritBase"]
[Source "John Saunders"]
[SourceDate "2022.11.28"]
[SourceVersion "1"]
[SourceVersionDate "2022.08.23"]
[SourceQuality "1"]

1. e4 c5 2. Nf3 e6 3. c3 d5 4. exd5 exd5 5. d4 Nc6 6. Bb5 Bd6 7. O-O Nge7 8.
dxc5 Bxc5 9. Nbd2 O-O 10. Nb3 Bd6 11. Bg5 Bg4 12. Bh4 Qc7 13. Bg3 Bxg3 14. hxg3
Rad8 15. Nbd4 Ne5 16. Be2 Nc4 17. Qc2 Bh5 18. Bd3 Bg6 19. Rad1 Qb6 20. Bxg6
Nxg6 21. Nb3 a5 22. a4 Qc6 23. Nbd4 Qc5 24. Nb5 Nd6 25. Nxd6 Rxd6 26. Rd4 Ne7
27. Rfd1 g6 28. Qd2 Rb6 29. Ne5 Qc7 30. Nd3 Qc6 31. Nf4 Kg7 32. Qe2 Nf5 33.
Rxd5 Qxa4 34. Qe5+ Kg8 35. Rd8 f6 36. Rxf8+ Kxf8 37. Rd8+ Kg7 38. Qc7+ Kh6 39.
Qxb6 Qa1+ 40. Kh2 Qe1 41. Qc5 1-0

[Event "Midland Ch Forrest Cup"]
[Site "Derby"]
[Date "1995.03.25"]
[Round "2"]
[White "Sudar, Dragoljub"]
[Black "Barton, R Alan"]
[Result "1-0"]
[WhiteElo "1696"]
[BlackElo "2024"]
[PlyCount "123"]
[EventDate "1995.03.24"]
[EventType "swiss"]
[EventRounds "6"]
[EventCountry "ENG"]
[SourceTitle "BritBase"]
[Source "John Saunders"]
[SourceDate "2022.11.28"]
[SourceVersion "1"]
[SourceVersionDate "2022.08.23"]
[SourceQuality "1"]

1. e4 d5 2. exd5 Qxd5 3. Nc3 Qa5 4. d4 Nf6 5. Bd2 c6 6. Nf3 Bf5 7. Be2 Qc7 8.
O-O Nbd7 9. Qc1 e6 10. Re1 Bd6 11. h3 O-O 12. Bf1 Rfd8 13. Nh4 Bg6 14. Nxg6
hxg6 15. Bg5 Re8 16. Bc4 b5 17. Bd3 e5 18. d5 Nxd5 19. Nxd5 cxd5 20. Bxb5 f6
21. Be3 Re7 22. c3 Nf8 23. Qd1 Qb7 24. Qa4 Rc8 25. Ba6 Qc6 26. Bb5 Qb7 27. Ba6
Qc6 28. Bb5 Qa8 29. Rad1 Bc5 30. Bxc5 Rxc5 31. c4 Rec7 32. b4 Rxc4 33. Bxc4
Rxc4 34. Qb5 Ne6 35. Qxd5 Qxd5 36. Rxd5 Rxb4 37. Ra5 Rb7 38. Rc1 Nd4 39. Rc8+
Kf7 40. Ra8 Nc6 41. Ra6 Rc7 42. f3 g5 43. Kf2 Kg6 44. Kg3 Nd4 45. R6xa7 Nf5+
46. Kf2 Rc2+ 47. Kg1 Nh4 48. g4 Nxf3+ 49. Kf1 Nd4 50. Rg8 Ne6 51. Re7 Rc6 52.
Rge8 Nf4 53. Ra8 Rc1+ 54. Kf2 Nxh3+ 55. Kg3 Rc3+ 56. Kg2 Nf4+ 57. Kf2 Rh3 58.
Raa7 Rh2+ 59. Kf3 Rh7 60. Rad7 Rh2 61. a4 ({I find it hard to believe White
would have missed} 61. Rxg7+ Kh6 62. Rh7+ Kg6 63. Rdg7# {at this point. The
original inputter's comment about the scoresheet being indecipherable is
probably relevant.}) 61... e4+ 62. Kxe4 {"White won after about another 30
moves, but the scoresheet is indecipherable after this point" (bulletin)} 1-0

[Event "Midland Ch Forrest Cup"]
[Site "Derby"]
[Date "1995.03.25"]
[Round "3"]
[White "Barton, R Alan"]
[Black "Castillo, M."]
[Result "1-0"]
[WhiteElo "2024"]
[BlackElo "1272"]
[PlyCount "113"]
[EventDate "1995.03.24"]
[EventType "swiss"]
[EventRounds "6"]
[EventCountry "ENG"]
[SourceTitle "BritBase"]
[Source "John Saunders"]
[SourceDate "2022.11.28"]
[SourceVersion "1"]
[SourceVersionDate "2022.08.23"]
[SourceQuality "1"]

1. f4 Nf6 2. g3 b6 3. Bg2 d5 4. c4 Bb7 5. Nc3 e6 6. Qb3 c6 7. Nf3 d4 8. Nd1 c5
9. O-O Qc7 10. Nf2 Bd6 11. Qc2 Nbd7 12. e4 dxe3 13. dxe3 h5 14. e4 Ng4 15. e5
Be7 16. h3 Nxf2 17. Rxf2 O-O-O 18. a3 f6 19. b4 fxe5 20. fxe5 Nxe5 21. Bf4
Nxf3+ 22. Bxf3 Bd6 23. Bxb7+ Qxb7 24. Bxd6 Rxd6 25. Qg6 Rhd8 26. Raf1 Rd1 27.
Qxe6+ Qd7 28. Qxd7+ R8xd7 29. bxc5 bxc5 30. Rf5 R1d3 31. Rxc5+ Kd8 32. Kg2 Rxa3
33. Rxh5 a5 34. h4 a4 35. Rf8+ Ke7 36. Ra8 Rd4 37. Ra7+ Kf6 38. Rha5 Rxc4 39.
R5a6+ Kf5 40. Rxg7 Ra2+ 41. Kh3 a3 42. Rg5+ Ke4 43. Rg4+ Kd3 44. Rxc4 Kxc4 45.
h5 Ra1 46. Kg4 Kb3 47. Kg5 Rg1 48. g4 a2 49. h6 a1=Q 50. Rxa1 Rxa1 51. h7 Ra5+
52. Kh6 Ra6+ 53. Kh5 Ra2 54. g5 Kc4 55. g6 Rh2+ 56. Kg5 Rg2+ 57. Kf6 1-0

[Event "Midland Ch Forrest Cup"]
[Site "Derby"]
[Date "1995.03.25"]
[Round "3"]
[White "Brown, Anthony J"]
[Black "Arkell, Keith C"]
[Result "0-1"]
[WhiteElo "2032"]
[BlackElo "2488"]
[PlyCount "64"]
[EventDate "1995.03.24"]
[EventType "swiss"]
[EventRounds "6"]
[EventCountry "ENG"]
[SourceTitle "BritBase"]
[Source "John Saunders"]
[SourceDate "2022.11.28"]
[SourceVersion "1"]
[SourceVersionDate "2022.08.23"]
[SourceQuality "1"]

1. e4 c5 2. Nc3 e6 3. f4 d5 4. Nf3 Nf6 5. Qe2 dxe4 6. Nxe4 Nc6 7. d3 Be7 8. g3
O-O 9. Bg2 Nd4 10. Nxd4 cxd4 11. c4 dxc3 12. Nxc3 Qc7 13. Bd2 Rd8 14. O-O-O Bd7
15. Kb1 Bc6 16. Bxc6 bxc6 17. Rhe1 Rd7 18. g4 Rb8 19. g5 Nd5 20. Nxd5 Rxd5 21.
Bc3 Bd6 22. Be5 Bxe5 23. fxe5 c5 24. Rc1 Qd8 25. Qh5 g6 26. Qg4 Rd4 27. Re4
Rxd3 28. Rec4 Rd2 29. b4 Qd3+ 30. Ka1 Qa3 31. R4c2 Rxb4 32. Qg1 Rb2 0-1

[Event "Midland Ch Forrest Cup"]
[Site "Derby"]
[Date "1995.03.25"]
[Round "3"]
[White "Chue, Kah-Loong"]
[Black "Baker, Chris W"]
[Result "0-1"]
[WhiteElo "2288"]
[BlackElo "2320"]
[PlyCount "80"]
[EventDate "1995.03.24"]
[EventType "swiss"]
[EventRounds "6"]
[EventCountry "ENG"]
[SourceTitle "BritBase"]
[Source "John Saunders"]
[SourceDate "2022.11.28"]
[SourceVersion "1"]
[SourceVersionDate "2022.08.23"]
[SourceQuality "1"]

1. d4 Nf6 2. Nf3 g6 3. g3 Bg7 4. Bg2 O-O 5. O-O d6 6. c3 Nbd7 7. Nbd2 e5 8. Qc2
Qe7 9. e4 b6 10. d5 a5 11. a4 Ba6 12. Re1 Nc5 13. Bf1 Bxf1 14. Kxf1 Qd7 15. Nc4
b5 16. axb5 Qxb5 17. Nfd2 c6 18. Kg1 cxd5 19. exd5 Rfd8 20. Ne3 a4 21. c4 Qb4
22. Nf3 Nb3 23. Bd2 Nxa1 24. Bxb4 Nxc2 25. Nxc2 Bf8 26. Ba3 Rac8 27. Ne3 Ne4
28. Ng4 f5 29. Ne3 Bh6 30. g4 Bxe3 31. Rxe3 Rxc4 32. gxf5 gxf5 33. Nh4 Rf8 34.
f3 Rc1+ 35. Kg2 Rc2+ 36. Kg1 Nc5 37. Ng2 f4 38. Re1 Kf7 39. Kh1 Nd3 40. Rf1 Rg8
0-1

[Event "Midland Ch Forrest Cup"]
[Site "Derby"]
[Date "1995.03.25"]
[Round "3"]
[White "Duncan, Christopher R"]
[Black "Riley, Chris M"]
[Result "1-0"]
[WhiteElo "2248"]
[BlackElo "2008"]
[PlyCount "71"]
[EventDate "1995.03.24"]
[EventType "swiss"]
[EventRounds "6"]
[EventCountry "ENG"]
[SourceTitle "BritBase"]
[Source "John Saunders"]
[SourceDate "2022.11.28"]
[SourceVersion "1"]
[SourceVersionDate "2022.08.23"]
[SourceQuality "1"]

1. c4 f5 2. Nc3 Nf6 3. g3 g6 4. Bg2 Bg7 5. Rb1 O-O 6. b4 d6 7. d3 e5 8. e3 c6
9. Nge2 Be6 10. b5 d5 11. cxd5 cxd5 12. f4 e4 13. Nd4 Bf7 14. Nb3 Nbd7 15. d4
Nb6 16. Na5 Qc7 17. Bd2 Ng4 18. Rc1 Nc4 19. Nxd5 Bxd5 20. Nxc4 Qf7 21. Bf1 Rac8
22. Qa4 Rc7 23. h3 Nf6 24. Ne5 Rxc1+ 25. Bxc1 Qe6 26. Rh2 Nh5 27. Rc2 Bxe5 28.
dxe5 Nxg3 29. Bc4 Rf7 30. Bb2 Nh5 31. Bxd5 Qxd5 32. Rd2 Qe6 33. Rd6 Qe8 34. Qd4
Rf8 35. e6 Nf6 36. e7 1-0

[Event "Midland Ch Forrest Cup"]
[Site "Derby"]
[Date "1995.03.25"]
[Round "3"]
[White "Gill, Jas"]
[Black "Cooper, David M"]
[Result "0-1"]
[WhiteElo "1656"]
[BlackElo "1888"]
[PlyCount "68"]
[EventDate "1995.03.24"]
[EventType "swiss"]
[EventRounds "6"]
[EventCountry "ENG"]
[SourceTitle "BritBase"]
[Source "John Saunders"]
[SourceDate "2022.11.28"]
[SourceVersion "1"]
[SourceVersionDate "2022.08.23"]
[SourceQuality "1"]

1. e4 c6 2. d4 d5 3. Nc3 dxe4 4. Nxe4 Nd7 5. Bc4 Ngf6 6. Ng5 e6 7. f4 $2 Nb6 8.
Bb3 c5 9. c3 cxd4 10. cxd4 Bb4+ $17 11. Kf2 Bd7 12. f5 Nbd5 13. fxe6 fxe6 14.
N1f3 O-O 15. Qd3 Qb6 16. Bc2 Bb5 17. Qd1 e5 18. Nxe5 Ng4+ 19. Kg3 Nxe5 20.
Bxh7+ Kh8 21. Qh5 Nf6 22. Qh4 Neg4 23. Bg6+ Nh6 24. Nf7+ Rxf7 25. Bxh6 Ne4+ 26.
Qxe4 Rf6 27. Bg5 Rxg6 28. h4 Re8 29. Qg4 Qd6+ 30. Kf2 Rge6 31. Qh5+ Kg8 32.
Rhc1 Qxd4+ 33. Kg3 Be2 34. Rd1 Qe5+ 0-1

[Event "Midland Ch Forrest Cup"]
[Site "Derby"]
[Date "1995.03.25"]
[Round "3"]
[White "Hibbard, Carl P"]
[Black "James, Russell A"]
[Result "0-1"]
[WhiteElo "1912"]
[BlackElo "2136"]
[PlyCount "120"]
[EventDate "1995.03.24"]
[EventType "swiss"]
[EventRounds "6"]
[EventCountry "ENG"]
[SourceTitle "BritBase"]
[Source "John Saunders"]
[SourceDate "2022.11.28"]
[SourceVersion "1"]
[SourceVersionDate "2022.08.23"]
[SourceQuality "1"]

1. d4 Nf6 2. Nf3 e6 3. c3 b6 4. Bg5 Bb7 5. Nbd2 Be7 6. Qc2 c5 7. e3 d6 8. Bd3
Nbd7 9. O-O O-O 10. Rac1 Re8 11. Rfe1 h6 12. Bh4 Rc8 13. Qa4 a6 14. Bxf6 Bxf6
15. Ne4 Be7 16. Nfd2 e5 17. Ng3 b5 18. Qd1 cxd4 19. exd4 exd4 20. cxd4 Rxc1 21.
Qxc1 Bg5 22. Qd1 Nf6 23. Nde4 g6 24. Re2 Kg7 25. Qe1 Nd5 26. Nc3 Rxe2 27. Ngxe2
Qe7 28. Qd1 Nf4 29. Nxf4 Bxf4 30. Ne2 Bg5 31. Ng3 Qe6 32. a3 h5 33. Qe2 Bf6 34.
Qxe6 fxe6 35. Ne2 e5 36. b3 Bd5 37. a4 exd4 38. axb5 axb5 39. Bxb5 Bxb3 40. Bd3
d5 41. Nf4 Bc4 42. Bf1 Be5 43. Nd3 Kf6 44. f3 h4 45. Be2 g5 46. h3 Bg3 47. Kf1
Ke6 48. Nb2 Bb3 49. Nd3 Bc2 50. Nb4 Ba4 51. Nd3 Kd6 52. Nb2 Bb3 53. Nd3 Bc4 54.
Nb2 Kc5 55. Nd3+ Kb5 56. Nb2 Kb4 57. Nd3+ Kc3 58. Nc5 d3 59. Nxd3 Bxd3 60. f4
gxf4 0-1

[Event "Midland Ch Forrest Cup"]
[Site "Derby"]
[Date "1995.03.25"]
[Round "3"]
[White "Ledger, Andrew J"]
[Black "Nohre, Hakan VP"]
[Result "1/2-1/2"]
[WhiteElo "2336"]
[BlackElo "2024"]
[PlyCount "135"]
[EventDate "1995.03.24"]
[EventType "swiss"]
[EventRounds "6"]
[EventCountry "ENG"]
[SourceTitle "BritBase"]
[Source "John Saunders"]
[SourceDate "2022.11.28"]
[SourceVersion "1"]
[SourceVersionDate "2022.08.23"]
[SourceQuality "1"]

1. c4 c5 2. Nc3 Nc6 3. g3 g6 4. Bg2 Bg7 5. Nf3 e6 6. d4 cxd4 7. Nb5 d6 8. Nfxd4
Nxd4 9. Nxd4 Ne7 10. O-O O-O 11. Bg5 h6 12. Be3 d5 13. Qc1 Kh7 14. Rd1 e5 15.
Nb3 d4 16. Bd2 Nc6 17. e3 Bg4 18. Re1 Rc8 19. Nc5 b6 20. Nd3 Re8 21. e4 Be6 22.
b3 g5 23. Qd1 Qd7 24. Rc1 Rg8 25. Rc2 Bf8 26. b4 f6 27. Qb1 Ne7 28. Rec1 Ng6
29. Kh1 Bh3 30. Rg1 Be6 31. Nb2 Bd6 32. Bf1 Bg4 33. Qe1 Bf3+ 34. Bg2 Bg4 35. f3
Be6 36. Bf1 Rc7 37. a4 Rgc8 38. a5 Bf8 39. b5 Bc5 40. Bd3 Qe8 41. Na4 Qf7 42.
Qe2 Kg7 43. Ra1 Nf8 44. Nxc5 Rxc5 45. Rac1 R5c7 46. Bb4 Qd7 47. c5 bxc5 48.
Rxc5 Rxc5 49. Bxc5 Bh3 50. Rc2 Ne6 51. Ba3 Rc3 52. Bb2 Rc5 53. Bc4 Rc8 54. Ba3
Nc5 55. Bxc5 Rxc5 56. g4 h5 57. gxh5 Qc7 58. b6 axb6 59. a6 Bc8 60. Bd3 Rxc2
61. Bxc2 b5 62. h4 Bxa6 63. hxg5 fxg5 64. Kg2 Kh6 65. Kg3 Qc8 66. Bd3 Qd7 67.
Qa2 Qc6 68. Qf7 1/2-1/2

[Event "Midland Ch Forrest Cup"]
[Site "Derby"]
[Date "1995.03.25"]
[Round "3"]
[White "Mason, Donald"]
[Black "Gilmore, Simon N"]
[Result "1/2-1/2"]
[WhiteElo "2144"]
[BlackElo "1912"]
[PlyCount "90"]
[EventDate "1995.03.24"]
[EventType "swiss"]
[EventRounds "6"]
[EventCountry "ENG"]
[SourceTitle "BritBase"]
[Source "John Saunders"]
[SourceDate "2022.11.28"]
[SourceVersion "1"]
[SourceVersionDate "2022.08.23"]
[SourceQuality "1"]

1. e4 c6 2. d4 d5 3. e5 c5 4. dxc5 Nc6 5. Bb5 e6 6. Be3 Bd7 7. Bxc6 Bxc6 8. Nf3
Ne7 9. O-O Nf5 10. Bd4 Nxd4 11. Qxd4 a5 12. Nbd2 Be7 13. a4 O-O 14. Nb3 Qc7 15.
Rfe1 Rfb8 16. Qg4 b6 17. cxb6 Rxb6 18. Nfd4 Bd7 19. Re3 f5 20. Qd1 Rb4 21. Nxf5
Bg5 22. Rg3 Qxe5 23. Rxg5 exf5 24. Nc5 Rd4 25. Qe1 Qxe1+ 26. Rxe1 Re8 27. Kf1
h6 28. Rxe8+ Bxe8 29. Rxg7+ Kxg7 30. Ne6+ Kf6 31. Nxd4 Bxa4 32. f4 Bd7 33. Kf2
Ke7 34. Ke3 Kd6 35. c3 a4 36. Nf3 Kc5 37. Ne5 Be8 38. h3 h5 39. g3 Bb5 40. Nf3
Bf1 41. h4 Bg2 42. Nd2 Bh1 43. Kd3 Be4+ 44. Ke3 Bh1 45. Kd3 Be4+ 1/2-1/2

[Event "Midland Ch Forrest Cup"]
[Site "Derby"]
[Date "1995.03.25"]
[Round "3"]
[White "Phillips, Alan"]
[Black "Edwards, Simon R"]
[Result "1-0"]
[WhiteElo "2016"]
[BlackElo "1856"]
[PlyCount "23"]
[EventDate "1995.03.24"]
[EventType "swiss"]
[EventRounds "6"]
[EventCountry "ENG"]
[SourceTitle "BritBase"]
[Source "John Saunders"]
[SourceDate "2022.11.28"]
[SourceVersion "1"]
[SourceVersionDate "2022.08.23"]
[SourceQuality "1"]

1. e4 e5 2. f4 Bc5 3. Nf3 d6 4. c3 Nc6 5. d4 exd4 6. cxd4 Bb4+ $6 7. Nc3 Nf6 8.
d5 Ne7 $2 (8... Nxe4 $5) 9. Qa4+ c6 10. Qxb4 $18 cxd5 11. exd5 Nexd5 12. Nxd5
1-0

[Event "Midland Ch Forrest Cup"]
[Site "Derby"]
[Date "1995.03.25"]
[Round "3"]
[White "Rayner, Francis"]
[Black "Kirby, Peter J"]
[Result "1-0"]
[WhiteElo "2152"]
[BlackElo "1448"]
[PlyCount "63"]
[EventDate "1995.03.24"]
[EventType "swiss"]
[EventRounds "6"]
[EventCountry "ENG"]
[SourceTitle "BritBase"]
[Source "John Saunders"]
[SourceDate "2022.11.28"]
[SourceVersion "1"]
[SourceVersionDate "2022.08.23"]
[SourceQuality "1"]

1. e4 c6 2. d4 d5 3. Nc3 dxe4 4. Nxe4 Nd7 5. Bc4 e6 6. Nf3 Ngf6 7. Nxf6+ Nxf6
8. Qe2 Be7 9. Bg5 O-O 10. O-O-O h6 11. Bh4 Nd5 12. Bxe7 Qxe7 13. Ne5 Bd7 14.
Qg4 b5 15. Bd3 a5 16. h4 a4 17. Rh3 Nf6 18. Qf3 a3 19. b3 Rfc8 20. g4 Nd5 21.
g5 Nb4 22. Kb1 Nxd3 23. Rxd3 Rc7 24. gxh6 g6 25. Qg3 Be8 26. h5 g5 27. f4 f6
28. Nf3 c5 29. fxg5 fxg5 30. Nxg5 Kh8 31. Qe5+ Kg8 32. h7+ 1-0